1726 1079 1969 1936 1252 1245 1406 1575 1451 1131 1417 1794 1645 1984 1270 1515 1378 1248 1607 1275 1366 1978 1694 1382 1224 1456 1792 1407 1681 1052 1039 1946 1161 1765 1377 1627 1560 1516 1156 1399 1411 1022 1106 1639 1821 1738 1258 1277 1878 1187 1081 1999 1419 1897 1411 1957 1151 1025 1409 1045 1355 1089 1467 1032 1408 1599 1033 1132 1111 1028 1324 1345 1965 1734 1034 1602 1562 1002 1057 1372 1254 1957 1569 1741 1116 1201 1755 1916 1917 1092 1427 1339 1386 1017 1376 1910 1361 1918 1954 BCNSPRNW ULIB Ver.6.0+V

เปลี่ยนเป็นภาษาไทย

Change to English
 แสดงรายละเอียดบรรณานุกรม
  กลับหน้าหลัก

Brief Record : Get Marc (ISO 2709) : E-mail record : QR code < ปิดหน้าต่าง
LEADER : 00000nam 2200000uu 4500
001    13399120970
003     ULIB
008    020711s2544 th a 000 0 tha d
020    9789742722890
060    WS105 ด111ม
100    ดนุนุช ตันมณี
245    เมื่อลูกเป็นออทิสติก/^cดนุนุช ตันมณี
250    พิมพ์ครั้งที่ 1
260    กรุงเทพฯ :^bคลินิกสุขภาพ,^c2544
945    ^p0^l0^i11859
999    ^aทศพร เกษรทอง
รายการนี้ยังไม่มีแท็ก
คุณยังไม่ได้ล็อกอิน คุณสามารถมีกิจกรรมร่วมกับเว็บไซต์ได้ แต่ต้องล็อกอินก่อน ::
  ล็อกอิน

รายการสื่อสารสนเทศ

ลำดับที่ ประเภท เลขเรียก/บาร์โค้ด สถานที่ สถานะ
1. วิทยาศาสตร์การแพทย์ และสุขภาพ
วิทยาศาสตร์การแพทย์ และสุขภาพ
WS105 ด111ม  
  Barcode: 11859
ห้องสมุดวิทยาเขตสวรรค์ประชารักษ์
►หนังสือทั่วไป
บนชั้น

BibComment


ยังไม่เคยถูกคอมเมนท์

คอมเมนท์ทรัพยากรรายการนี้
  คอมเมนท์: เมื่อลูกเป็นออทิส..


 Copyright 2026. Bcnsprnw @Library